Word Ladder: Loyal Royal Quiz Stats

 Plays Quiz Updated Jul 19, 2015

Challenge
Share
Tweet
Embed
Score 0/63 Timer 06:00
2 Plays Today
Hint 4-Letter Word % Correct
Loyal; not falseTRUE
95.9%
Action hero JackieCHAN
94.5%
Not lightDARK
94.3%
Skin of a treeBARK
93.7%
Truth or ____DARE
93.4%
A majority of MOST
92%
Not nowTHEN
91.9%
Watery castle protectionMOAT
91.8%
Agent 007BOND
90.9%
Film about a pigBABE
90.8%
Unpainted (as walls)BARE
90.7%
Woody plantTREE
90.3%
Medicinal tabletPILL
90.3%
Fine dropletsMIST
90.2%
Middle of the dayNOON
90.1%
Metal instrument to ringBELL
89.5%
Compared toTHAN
89.5%
Huron or Erie e.g.LAKE
89.2%
Be at my ____ and callBECK
89%
Feathered animalBIRD
89%
Meg of You've Got MailRYAN
88.3%
Sea-faring military branchNAVY
88.2%
You (archaic)THEE
88.2%
Where money is madeMINT
88.1%
Similar toLIKE
88.1%
Shakespeare: ____ of AvonBARD
86.6%
Brought into existence BORN
86.6%
Bill on a falconBEAK
86.2%
Cash drawerTILL
86.1%
Grumble, complainMOAN
85.9%
Haphazard: ____-mellPELL
85.8%
The C in CMYKCYAN
85.3%
Hint 4-Letter Word % Correct
Fund or support a causeBACK
84.8%
'Nobody puts ___ in a corner'BABY
84.4%
Tough situationBIND
84.1%
Color shadeTINT
83.7%
Area above the eyesBROW
83.7%
Move like a riverFLOW
82.9%
Capital of West GermanyBONN
82.9%
Foul in pinballTILT
82.7%
Horse coat colorROAN
81.7%
Exhale quickly (like a whale)BLOW
81.5%
Type of predatory fishPIKE
79.2%
Central area of a churchNAVE
77.4%
Painful toe growthCORN
77.2%
Giant cat breed: Maine ____COON
77%
Wash or cleanseLAVE
75.9%
Hard wood used for furnitureTEAK
75.9%
Not a oneNARY
74.5%
Coleman of Diff'rent StrokesGARY
74.4%
Mass of moving iceFLOE
70%
Smoke duct (chimney)FLUE
69.9%
Atom with 10 protonsNEON
69.7%
Carpet surfacePILE
68.5%
Hoffmann of 'Girls' or 'Uncle Buck'GABY
68.3%
Open river valleyDALE
68.1%
Dim or wanPALE
66.2%
NBA Wizards guard BradleyBEAL
65.6%
Type of dabbling duckTEAL
64.7%
Royal; the ladder's common bondBLUE
64.1%
Front of the shipPROW
62%
He, she or it e.g. (abbr.)PRON
60.1%
Unskilled farm workerPEON
59.4%

Today's Daily Dose

You're not logged in!

Compare scores with friends on all Sporcle quizzes.
Join for Free
OR
Log In

You Might Also Like...

Show Comments

Extras

Top Quizzes Today


Score Distribution

Your Account Isn't Verified!

In order to create a playlist on Sporcle, you need to verify the email address you used during registration. Go to your Sporcle Settings to finish the process.

Report this User

Report this user for behavior that violates our Community Guidelines.

Details: